Sporclin' Through the '90s VI Quiz Stats

 Plays Quiz Updated Sep 10, 2018

Support Sporcle.
Go Orange.
Score 0/36 Timer 06:00
1 Play Today
Hint Answer % Correct
 
▼    Movies    ▼
 
Titanic
97.3%
Austin Powers: International Man of Mystery
89.5%
The Silence of the Lambs
87%
Rugrats
84.8%
Prince Charles
84.7%
Game Boy Color
83.8%
Speed
83.1%
The Shawshank Redemption
82.8%
 
▼    History    ▼
 
Kim Jong-il
80.4%
 
▼    Television    ▼
 
Cheers
79.7%
Tomb Raider
78.6%
Home Improvement
76.2%
The Powerpuff Girls
75.8%
Ricky Martin
74.8%
Schindler's List
74%
Monica Lewinsky
71.3%
 
▼    Music    ▼
 
Jon Bon Jovi
70.4%
Marilyn Manson
68.6%
Hint Answer % Correct
The Nanny
64.9%
3rd Rock from the Sun
64.3%
Tony Blair
62.2%
 
▼    Gaming    ▼
 
Street Fighter II
55.9%
Crash Bandicoot
54.5%
New Kids On The Block
51.8%
John Elway
49.5%
 
▼    Sports    ▼
 
Patrick Ewing
49.2%
Carl Lewis
41.7%
Kylie Minogue
38.4%
The Cranberries
36.7%
Kofi Annan
33.2%
Zinedine Zidane
32.5%
Jaromír Jágr
27.5%
Lech Wałęsa
21.1%
Myst
19.4%
Talkboy
13.3%
Nick Price
11.6%

You're not logged in!

Compare scores with friends on all Sporcle quizzes.
OR
Log In

From the Vault

Festive US Presidents

by chaosBEE

We're curious what holiday our next president might proclaim.
Remove Ads.
Support Sporcle.
Get the best of Sporcle when you Go Orange. This ad-free experience offers more features, more stats, and more fun while also helping to support Sporcle. Thank you for becoming a member.

Show Comments

Extras

Top Quizzes Today


Score Distribution

Your Account Isn't Verified!

In order to create a playlist on Sporcle, you need to verify the email address you used during registration. Go to your Sporcle Settings to finish the process.

Report this User

Report this user for behavior that violates our Community Guidelines.

Details: